Регионална библиотека "Любен Каравелов" - Русе

Голяма детска енциклопедия (Запис номер 108411)

MARC детайли
000 -Лидер
Контролно поле с фиксирана дължина 02300nam a2200505 a 4500
003 - Код на организацията, давaща контролен номер
Контролно поле BLK
005 - Дата и час на последна редакция
Контролно поле 20250718104711.0
008 - Елементи от данни с фиксирана дължина
fixed length control field 180409b bul|||||r ||||||| ||bul||
010 ## - Наследен системен номер
LC control number KNG00113715000
020 ## - Международен стандартен номер на книга ISBN
Международен стандартен номер на книга ISBN 978-88-6239-043-9
040 ## - Източник на каталожния запис
Идентификатор на билиотеката - собственик на записа BLK
041 ## - Код за език
Код за езика на текст/звукозапис или на отделно заглавие Български
Код за езика КДБФ Български
072 #7 - Код за тематичната категория
Код организация bullib
Код за тематична категория Н00
Текст Общ отдел Н
072 #7 - Код за тематичната категория
Код организация bullib
Код за тематична категория Н86
Текст Детска отраслова литература Н
080 ## - УДК
Текстов определител УДК Общи енциклопедии. Енциклопедични речници. Научни справочници. Отраслови енциклопедии и справочници се класират в съответните отдели с определител за форма
УДК код - определител по УДК 03
УДК - код + определител 03
080 ## - УДК
Текстов определител УДК Биографии
УДК код - определител по УДК 929
УДК определител (100)(035)
УДК - код + определител 929(100)(035)
139 ## - Редно поле
Редна дума Голяма детска енциклопедия
Авторски знак Гол - Г 63
245 10 - Сведения за заглавието
Заглавие Голяма детска енциклопедия
Подзаглавни данни Т. 1 - За том: Ч. 2
Редно поле (дума) прев. на том Атанас Ценов; прев. на том Цветанка Цанкова.
Том Т. 20
Заглавие на том Велики личности
257 ## - Страна на издаване
Страна на създаване/издаване Италия
260 ## - Област на издателските данни
Име на издателя, разпространителя и проч. Metropoli
Година на издаване 2007 -
Печатница Отпеч. в Италия
300 ## - Физическа характеристика
Размери/Мащаб 29 см
380 ## - Жанр
Жанр Детска отраслова лит.
500 ## - Общи забележки
Забележка Без сведение за ориг. загл. - Прил. на в. Дневен труд или 24 часа.
650 #4 - Допълнително описание по предмет – тема
Основно описание – тема или топоним Научни и културни дейци - биографии
9 (RLIN) 298227
650 #4 - Допълнително описание по предмет – тема
Основно описание – тема или топоним Енциклопедии, детски
9 (RLIN) 154962
653 ## - Ключова дума – ненормативна
Ключова дума монарси
653 ## - Ключова дума – ненормативна
Ключова дума пътешественици
653 ## - Ключова дума – ненормативна
Ключова дума политици
653 ## - Ключова дума – ненормативна
Ключова дума прочути личности
653 ## - Ключова дума – ненормативна
Ключова дума енциклопедии
653 ## - Ключова дума – ненормативна
Ключова дума детска литература
659 ## - Тематичен бюлетин
Тематичен бюлетин Н
700 1# - Други автори (авторска отговорност)
Лично име Ценов, Атанас
Автороска отговорност (Описва отношението между автора и произведението) прев. на том
9 (RLIN) 299071
700 1# - Други автори (авторска отговорност)
Лично име Цанкова, Цветанка
Автороска отговорност (Описва отношението между автора и произведението) прев. на том
9 (RLIN) 372180
760 1# - Описание на основната серия
Място на издаване, издател и година 2008
Страници - том 160 с. : с цв. ил.
Заглавие Т. 20 Велики личности
852 ## - Местоположение
Форматна сигнатура Цб ІІ 15235
Фондова буква Хранилище
852 ## - Местоположение
Фондова буква Детски отдел
Систематично-азбучна сигнатура ДН 03/Г 63
856 4# - Електронен адрес и достъп
Електронен формат pdf - файл
856 4# - Електронен адрес и достъп
Електронен формат pdf - файл
942 ## - АРТИКУЛИ
Вид на библиотечния материал Книги
Скрит в OPAC Не
Периодичен библиозапис Да
Koha issues (borrowed), all copies 2
944 ## - СЪЗДАВАНЕ И РЕДАКЦИЯ на ЗАПИСА
Създаване/Редакция Създаване
Дата на регистрацията/редакция 30.05.2012
Служител, извършил регистрацията/редакцията 30564
Статус, дата на статуса Анна Гръцманова
944 ## - СЪЗДАВАНЕ И РЕДАКЦИЯ на ЗАПИСА
Създаване/Редакция Редакция
Дата на регистрацията/редакция 2021-02-09
944 ## - СЪЗДАВАНЕ И РЕДАКЦИЯ на ЗАПИСА
Създаване/Редакция Редакция
Служител, извършил регистрацията/редакцията М.Я.
999 ## - СИСТЕМНИ КОНТРОЛНИ НОМЕРА
Koha biblionumber 108411
Koha biblioitemnumber 108411
999 ## - СИСТЕМНИ КОНТРОЛНИ НОМЕРА
Koha biblioitemnumber 108411
Наличности
Код за отписване Код за изгубен артикул Източник на класификационната схема Код за повреда Коз за рестрикции Код за отдаване Артикулен № Име на библиотеката - собственик Име на библиотеката, в която се намира в момента Статус (Текущо местоположение) Дата на вписване в системата Местоположение - отдел Цена в лева Инвентарен номер Систематично азбучна сигнатура Баркод Номер на екземпляра Цена в евро Служебна бележка Служебен тип на артикула
  Не е изгубен Universal Decimal Classification Не е повреден само за читалня ползва се в читалня 174841 Регионална библиотека "Любен Каравелов" Русе Регионална библиотека "Любен Каравелов" Русе Хранилище 2012-05-30 Основен фонд - ползва се само за читалня 15.00 120000757905 Цб ІІ 15235 120000757905 1 7.67 Дост: DA Вид: А N: 8 Дата: 28.05.2012 Книги
  Не е изгубен Universal Decimal Classification Не е повреден   заемане за дома 950133 Регионална библиотека "Любен Каравелов" Русе Регионална библиотека "Любен Каравелов" Русе Детски отдел 2024-09-30 Детски отдел 15.00 120000913488 ДН 03/Г 63 120000913488   7.67   Книги
Vip Innovations Ltd, Rousse, Bulgaria 2025